MARC details
| 000 -CABECERA |
| campo de control de longitud fija |
01341nam a2200229 a 4500 |
| 001 - NÚMERO DE CONTROL |
| campo de control |
000022268 |
| 005 - FECHA Y HORA DE LA ÚLTIMA TRANSACCIÓN |
| campo de control |
20240422101417.0 |
| 008 - DATOS DE LONGITUD FIJA--INFORMACIÓN GENERAL |
| campo de control de longitud fija |
100921s2003 dr c 000 0 spa d |
| 040 ## - FUENTE DE LA CATALOGACIÓN |
| Centro catalogador/agencia de origen |
DO-SdBNP |
| Lengua de catalogación |
spa |
| Centro/agencia transcriptor |
BNPHU |
| 082 ## - NÚMERO DE LA CLASIFICACIÓN DECIMAL DEWEY |
| Número de clasificación |
972.93052 |
| Número de documento/Ítem |
V335i |
| 049 ## - FONDOS LOCALES (OCLC) |
| Fondos de biblioteca |
BNPD |
| 100 1# - ENTRADA PRINCIPAL--NOMBRE DE PERSONA |
| Nombre de persona |
Vásquez Romero, José L., |
| Fechas asociadas al nombre |
1959- |
| 9 (RLIN) |
46019 |
| 245 13 - MENCIÓN DE TÍTULO |
| Título |
La intervención de 1916 vencidos y vencedores : |
| Resto del título |
un análisis sobre el gobierno militar estadounidense en Santo Domingo / |
| Mención de responsabilidad, etc. |
José L. Vásquez Romero ; prólogo Franklín J. Franco Pichardo. |
| 260 ## - PUBLICACIÓN, DISTRIBUCIÓN, ETC. |
| Lugar de publicación, distribución, etc. |
Santo Domingo : |
| Nombre del editor, distribuidor, etc. |
Trebol, |
| Fecha de publicación, distribución, etc. |
2003. |
| 300 ## - DESCRIPCIÓN FÍSICA |
| Extensión |
265 p. : |
| Otras características físicas |
retrs. ; |
| Dimensiones |
22 cm. |
| 500 ## - NOTA GENERAL |
| Nota general |
Incluye notas al pie de páginas |
| 500 ## - NOTA GENERAL |
| Nota general |
Incluye datos biográficos del autor en la solapa de la cubierta |
| 504 ## - NOTA DE BIBLIOGRAFÍA, ETC. |
| Nota de bibliografía, etc. |
Bibliografías : p. 257-265 |
| 505 2# - NOTA DE CONTENIDO CON FORMATO |
| Nota de contenido con formato |
Antecedentes de la Ocupación de 1916 - Las privaciones a las libertades públicas y sus implicaciones durante el gobierno de ocupación - Implicaciones económicas y sociales de la ocupación - Resistencia armada contra el gobierno militar (1917-1922) - La Unión Nacionalista: diversos mecanismos de lucha contra el régimen de ocupación militar - Conclusiones - Bibliografía general. |
| 651 #0 - PUNTO DE ACCESO ADICIONAL DE MATERIA--NOMBRE GEOGRÁFICO |
| Nombre geográfico |
República Dominicana -- |
| Subdivisión general |
Historia -- |
| Subdivisión cronológica |
Ocupación norteamericana, 1916-1924 |
| 9 (RLIN) |
1926 |
| 700 1# - PUNTO DE ACCESO ADICIONAL--NOMBRE DE PERSONA |
| Nombre de persona |
Franco, Franklin J., |
| Fechas asociadas al nombre |
1936- |
| Término indicativo de función/relación |
pról. |
| 9 (RLIN) |
34417 |